Normal view
MARC view
- فقة اللغة - اللسانيات - اللغات
Entry Topical Term
001 - CONTROL NUMBER
- control field: 17199
003 - CONTROL NUMBER IDENTIFIER
- control field: JO-AjAnu
005 - DATE AND TIME OF LATEST TRANSACTION
- control field: 20230606073036.0
008 - FIXED-LENGTH DATA ELEMENTS
- fixed length control field: 230606|| aca||aabn | a|a d
040 ## - CATALOGING SOURCE
- Original cataloging agency: JO-AjAnu
- Transcribing agency: JO-AjAnu
150 ## - HEADING--TOPICAL TERM
- Topical term or geographic name entry element: فقة اللغة - اللسانيات - اللغات
670 ## - SOURCE DATA FOUND
- Source citation: Work cat.: (JO-AjAnu)8829: علي،محمد محمد يونس, author 17198, مدخل إلى اللسانيات